[Event "LiSB-ch B"]
[Site "Stein"]
[Date "2002.12.01"]
[Round "4"]
[White "Koelman, Bart"]
[Black "Elzinga, Roy"]
[Result "1-0"]
[WhiteElo "1744"]
[BlackElo "1508"]
[PlyCount "63"]
[EventDate "2002.11.30"]
[EventType "swiss"]
[EventRounds "7"]
[EventCountry "NED"]
[SourceTitle "EXT 2013"]
[Source "ChessBase"]
[SourceDate "2012.11.22"]
[SourceVersion "1"]
[SourceVersionDate "2012.11.22"]
[SourceQuality "1"]

1. e4 e5 2. Nf3 Nc6 3. Bc4 Nf6 4. d3 d6 5. Ng5 d5 6. exd5 Na5 7. Qe2 Nxc4 8. dxc4 Bd6 9. Nc3 0-0 10. 0-0 Re8 11. Nce4 Nxe4 12. Nxe4 f5 13. Nxd6 cxd6 14. b3 Rf8 15. a4 f4 16. f3 Qg5 17. Kh1 Rf6 18. Qf2 Rh6 19. g3 Bd7 20. gxf4 exf4 21. Bb2 Qh5 22. Rg1 g5 23. Rxg5+ Qxg5 24. Rg1 Qxg1+ 25. Qxg1+ Rg6 26. Qd4 Kf7 27. Qxf4+ Ke7 28. Qh4+ Kf8 29. Qxh7 Be8 30. f4 Rd8 31. f5 Rd7 32. fxg6 1-0

[Event "LiSB-ch B"]
[Site "Stein"]
[Date "2002.11.30"]
[Round "1"]
[White "Koelman, Bart"]
[Black "Steinschuld, Jo"]
[Result "1-0"]
[WhiteElo "1744"]
[BlackElo "1432"]
[PlyCount "69"]
[EventDate "2002.11.30"]
[EventType "swiss"]
[EventRounds "7"]
[EventCountry "NED"]
[SourceTitle "EXT 2013"]
[Source "ChessBase"]
[SourceDate "2012.11.22"]
[SourceVersion "1"]
[SourceVersionDate "2012.11.22"]
[SourceQuality "1"]

1. e4 c5 2. Nf3 d6 3. Nc3 Nf6 4. d3 g6 5. Be2 Bg7 6. 0-0 0-0 7. Re1 Nc6 8. Bd2 Bd7 9. Qc1 Rb8 10. Bh6 b5 11. Bxg7 Kxg7 12. a3 a5 13. Bd1 Qc7 14. Qg5 h6 15. Qg3 Nh5 16. Qh4 Nf6 17. Nd5 Qd8 18. Nxf6 exf6 19. Qg3 Ne5 20. Nh4 Kh7 21. f4 Nc6 22. Rf1 Nd4 23. c3 Nc6 24. f5 g5 25. Nf3 Bc8 26. Qg4 Ne5 27. Nxe5 dxe5 28. Rf3 Bb7 29. Rh3 Kg7 30. Bb3 Qd7 31. Rf1 Rbc8 32. Qh5 Rh8 33. Be6 fxe6 34. Qg6+ Kf8 35. Qxf6+ 1-0